Normal view
MARC view
- Brig (R) Mumtaz Hussain
Entry Personal Name
001 - CONTROL NUMBER
- control field: 46366
003 - CONTROL NUMBER IDENTIFIER
- control field: NUST
005 - DATE AND TIME OF LATEST TRANSACTION
- control field: 20210314133517.0
008 - FIXED-LENGTH DATA ELEMENTS
- fixed length control field: 210314|| aca||aabn | a|a d
040 ## - CATALOGING SOURCE
- Original cataloging agency: NUST
- Transcribing agency: NUST
100 ## - HEADING--PERSONAL NAME
- Personal name: Brig (R) Mumtaz Hussain
670 ## - SOURCE DATA FOUND
- Source citation: Work cat.: (NUST): Brig (R) Mumtaz Hussain, Let us have mercy on Pakistan, 2008.
